<?xml version="1.0" encoding="UTF-8"?>
<record
    xmlns:xsi="http://www.w3.org/2001/XMLSchema-instance"
    xsi:schemaLocation="http://www.loc.gov/MARC21/slim http://www.loc.gov/standards/marcxml/schema/MARC21slim.xsd"
    xmlns="http://www.loc.gov/MARC21/slim">

  <leader>01201cam a22002775a 4500</leader>
  <controlfield tag="001">11721455</controlfield>
  <controlfield tag="005">20161102132449.0</controlfield>
  <controlfield tag="008">151203t2016    ne a   frbd   001 0 eng d</controlfield>
  <datafield tag="020" ind1=" " ind2=" ">
    <subfield code="a">9780128023013</subfield>
  </datafield>
  <datafield tag="040" ind1=" " ind2=" ">
    <subfield code="a">MiAaPQ</subfield>
    <subfield code="b">eng</subfield>
    <subfield code="e">pn</subfield>
    <subfield code="c">MiAaPQ</subfield>
    <subfield code="d">MiAaPQ</subfield>
    <subfield code="d">WaSeSS</subfield>
    <subfield code="d">EG-ScBUE</subfield>
  </datafield>
  <datafield tag="082" ind1="0" ind2="4">
    <subfield code="a">005.10685</subfield>
    <subfield code="2">22</subfield>
    <subfield code="b">SOF</subfield>
  </datafield>
  <datafield tag="245" ind1="0" ind2="0">
    <subfield code="a">Software quality assurance :</subfield>
    <subfield code="b">in large scale and complex software-intensive systems /</subfield>
    <subfield code="c">edited by Ivan Mistrik ... [et al.]</subfield>
  </datafield>
  <datafield tag="260" ind1=" " ind2=" ">
    <subfield code="a">Waltham :</subfield>
    <subfield code="b">Morgan Kaufmann / Elsevier,</subfield>
    <subfield code="c">c.2016.</subfield>
  </datafield>
  <datafield tag="300" ind1=" " ind2=" ">
    <subfield code="a">xlii, 373 p. :</subfield>
    <subfield code="b">ill. ;</subfield>
    <subfield code="c">24 cm.</subfield>
  </datafield>
  <datafield tag="500" ind1=" " ind2=" ">
    <subfield code="a">Glossary : p. 347-355.</subfield>
  </datafield>
  <datafield tag="504" ind1=" " ind2=" ">
    <subfield code="a">Includes bibliographical references and indexes.</subfield>
  </datafield>
  <datafield tag="506" ind1=" " ind2=" ">
    <subfield code="a">License restrictions may limit access.</subfield>
  </datafield>
  <datafield tag="650" ind1=" " ind2="7">
    <subfield code="a">Computer software</subfield>
    <subfield code="x">Quality control.</subfield>
    <subfield code="2">BUEsh</subfield>
    <subfield code="9">4818</subfield>
  </datafield>
  <datafield tag="651" ind1=" " ind2=" ">
    <subfield code="2">BUEsh</subfield>
  </datafield>
  <datafield tag="653" ind1=" " ind2=" ">
    <subfield code="b">COMSCI</subfield>
    <subfield code="c">November2016</subfield>
  </datafield>
  <datafield tag="700" ind1="1" ind2=" ">
    <subfield code="a">Mistr&#xED;k, Ivan,</subfield>
    <subfield code="e">editor.</subfield>
    <subfield code="9">40884</subfield>
  </datafield>
  <datafield tag="773" ind1=" " ind2="0">
    <subfield code="t">Safari Technical Books (Current File)</subfield>
  </datafield>
  <datafield tag="773" ind1=" " ind2="0">
    <subfield code="t">eBook - Computer Science 2015 [EBCCS15]</subfield>
  </datafield>
  <datafield tag="776" ind1="0" ind2="8">
    <subfield code="i">Print version:</subfield>
    <subfield code="t">Software quality assurance : in large scale and complex software-intensive systems.</subfield>
    <subfield code="d">Amsterdam, [Netherlands] : Morgan Kaufmann, c2016 </subfield>
    <subfield code="h">xlii, 373 pages </subfield>
    <subfield code="z">9780128023013</subfield>
  </datafield>
  <datafield tag="942" ind1=" " ind2=" ">
    <subfield code="2">ddc</subfield>
  </datafield>
  <datafield tag="999" ind1=" " ind2=" ">
    <subfield code="c">22993</subfield>
    <subfield code="d">22965</subfield>
  </datafield>
  <datafield tag="952" ind1=" " ind2=" ">
    <subfield code="0">0</subfield>
    <subfield code="1">0</subfield>
    <subfield code="2">ddc</subfield>
    <subfield code="4">0</subfield>
    <subfield code="7">0</subfield>
    <subfield code="8">Baccah</subfield>
    <subfield code="a">MAIN</subfield>
    <subfield code="b">MAIN</subfield>
    <subfield code="c">LOW</subfield>
    <subfield code="d">2016-11-02</subfield>
    <subfield code="e">Purchase</subfield>
    <subfield code="g">1140.00</subfield>
    <subfield code="h">25137</subfield>
    <subfield code="l">0</subfield>
    <subfield code="o">005.10685 SOF</subfield>
    <subfield code="p">000034596</subfield>
    <subfield code="r">2025-07-15 00:00:00</subfield>
    <subfield code="v">1425.00</subfield>
    <subfield code="y">BB</subfield>
  </datafield>
</record>
